Personnages de House of the dragon (saison 1) - Statistiques

Statistiques générales
  • Ce quiz a été pris 685 fois
    266 depuis la dernière actualisation
  • Le résultat moyen est 25 sur 53
Statistiques - réponses
Hint Réponse % Correct
Roi des sept couronnes Viserys Ier Targaryen
97%
Viserys Targaryen
97%
Son frère Daemon Targaryen
95%
Sa fille (deuxième femme du roi) Alicent Hightower
90%
La main du Roi (au début) Otto Hightower
89%
Leur fille Rhaenyra Targaryen
84%
Les enfants du roi et de sa deuxième femme Aegon Targaryen
81%
Les enfants de la princesse et son oncle-époux Aegon Targaryen
81%
Sa femme Rhaenys Targaryen
78%
Aemond Targaryen
77%
Laena Velaryon
75%
Sire de Lamarck Corlys Velaryon
68%
Leurs enfants Laenor Velaryon
68%
Lucerys Velaryon
68%
Sa première femme Aemma Arryn
67%
Les enfants du frère du roi et de sa femme Velaryon Baela Targaryen
59%
Les enfants de la princesse et son premier mari (ou de son amant) Jacaerys Velaryon
59%
Helaena Targaryen
58%
Le premier amant du fils Joffrey Lonbec
56%
Joffrey Velaryon
56%
De son oncle Caraxès
55%
Rhaena Targaryen
55%
De la fille du "serpent des mers", puis de fils de la reine des verts Vhagar
53%
De la princesse (et reine des noirs) Syrax
52%
Son prédécesseur (et grand père) Jaehaerys Targaryen
51%
Chevalier de la garde, amant de la princesse puis soutien de la reine Criston Cole
50%
Dragon sans maître, approché par l'oncle-mari de la reine des noirs dans l'ep 10 Vermithor
48%
De la "reine qui ne fut jamais" Meleys
45%
Du fils ainé de la reine des noirs Vermax
44%
Du fils du "serpent des mers" Fumée des mers
43%
Du deuxième fils de la reine des noirs Arrax
41%
Les dragons : du roi Balerion
41%
La femme du frère Rhea Royce
41%
Larys Fort
37%
Maitresse du frère du roi, puis informatrice connue sous le nom de "ver blanc" Mysaria
35%
Son frère Vaemond Velaryon
34%
Chevaliers jumeaux de la garde royale Arryk Cargyll
30%
Erryk Cargyll
29%
Sire de Castral Roc Jason Lannister
25%
Son frere jumeau, maitre des navires Tyland Lannister
25%
Deuxième main du roi et sire d'Harrenhal Lyonel Fort
19%
Sire d'Accalmie, prête allégance à la princesse avec les autres seigneurs et conseille la princesse dans son choix de mari Boremund Baratheon
17%
Lord d'Accalmie (stormsend) auquel les deux partis envoient un émissaire, se prononce pour le camp des verts Borros Baratheon
16%
Lord commandant de la garde Harrold Ouestrelin
11%
Le second amant du fils Qarl Corey
11%
Ses deux enfants Harwyn Fort
10%
Son frère, seigneur de Villevieille Hobert Hightower
9%
Second grand mestre Mestre Orwyle
9%
Amiral de la triarchie aux degrés de pierre (crab feeder) Craghas Drahar
8%
Le grand Argentier Lyman des Essaims
8%
Une servante de la reine, qui rapporte des informations au ver blanc (entre autres) Talya
8%
Lord du Bief, soutien de la princesse à la cour, qui finit executé Lord Allun Caswell
6%
Le grand mestre Mestre Mellos
6%
Aucun quiz correspondant
Distribution des résultats
% des personnes avec chaque résultat
Percentile par nombre de réponses
Votre historique - résultats
Vous n’avez pas pris ce quiz depuis la dernière actualisation